=LDR 00000nam 2200000 4500 =001 INLIS000000000051765 =005 20201221104821 =035 ##$$a 0010-1217000005 =007 ta =008 201221###########################0#ind## =082 ##$$a 307.095 988 3 =084 ##$$a 307.095 988 3 DAM =245 ##$$a Damapak pembanggunan pasar terhadap kehidupan sosial budaya masyarakat di daerah irian jaya /$c Drs. Naffi Sanggenafa, MA. dkk =260 ##$$a Irian Jaya :$b Depdikbud,$c 1995 =300 ##$$a v,70 hlm. ; $c 21 cm. =650 #4$$a Masysrakat - Irian Jaya =700 #$$a Naffi Sanggenafa =990 ##$$a 92.926 hd.96